| 000 | 00449nam a2200157 i 4500 | ||
|---|---|---|---|
| 001 | 71611 | ||
| 003 | ES-MaACL | ||
| 007 | t| | ||
| 008 | 040813s1976 xxk ||||1| eng d | ||
| 100 | 1 |
_aGeorge, John. _956383 |
|
| 245 | 1 | 0 |
_aEasy wine making in 21 days / _cJohn George and Barrie Anderson. |
| 260 |
_aLondon : _bHamlyn, _c[1976] |
||
| 300 |
_a63 p. : _bil. ; _c25 cm. |
||
| 700 | 1 |
_aAnderson, Barrie. _921438 |
|
| 852 |
_aES-MaACL _jE-9701 _bR.94359 |
||
| 999 |
_c71611 _d71611 |
||